عرض عادي
عرض مارك
- Nervous system
مدخل مصطلح موضوعي
001 - رقم الضبط
- حقل الضبط: 15935
003 - معرف رقم الضبط
- حقل الضبط: OSt
005 - تاريخ ووقت أخر عملية
- حقل الضبط: 20120623110556.0
008 - عناصر بيانات ثابتة الطول
- حقل تحكم ثابت الطول: 120623|||a|||||| | ||| d
040 ## - مصدر الفهرسة
- هيئة الفهرسة الأصلية: OSt
- وكالة الكتابة: OSt
150 ## - مدخل-- مصطلح تاريخي
- عنصر مدخل المصطلح الموضوعي او الاسم الجغرافي: Nervous system
- تفريع عام: Abnormalities
- تفريع عام: Diagnosis.
670 ## - بيانات المصدر موجوده
- الاستشهاد بالمصدر: Work cat.: (OSt)0: Fuller, Geraint. 15933, Neurological examination made easy /, 2008.
